000 00372nam a2200133 a 4500
005 20140414131853.0
008 100806s19uu xx 00 eng d
050 _aM 567.9
_bD61 2007
245 _aMy first book of dinosaurs :
_bBook 2.
260 _aManila, Philippines :
_bLampara,
_c2007.
650 _aDinosaur
_xJuvenile literature
999 _c110278
_d110278